Obálka Náhled e-knihy:
PDF
Pro půjčování e-knih musíte být přihlášeni.
Jak si půjčit online?

Moderní analýza biologických dat. 1. díl, Zobecněné lineární modely v prostředí R /

Kniha je zaměřena na regresní modely, konkrétně jednorozměrné zobecněné lineární modely (GLM).

Uloženo v:
Série:Moderní analýza biologických dat, část 1
Hlavní autor: Pekár, Stano, 1970- (Autor)
Další autoři: Brabec, Marek, 1966- (Autor)
Médium: E-kniha
Jazyk:Czech
Vydáno: Brno : Masarykova univerzita, 2020
Vydání:2., přepracované vydání
Témata:
Příbuzné jednotky:Z cyklu:: Moderní analýza biologických dat
Tagy:
Žádné tagy
LEADER 02305nam a2200553 i 4500
001 312455
003 CZ PrSKC
005 20260601215723.0
007 ta
008 201119s2020 xr a f f 001 0 cze
015 |a cnb003264988 
020 |a 9788021096226  |q (brožováno) 
020 |a 978-80-210-9782-7  |q (vázáno) 
035 |a (OCoLC)1237099018 
040 |a ABA001  |b cze  |e rda 
072 7 |a 57/59  |x Biologické vědy  |2 Konspekt 
080 |a 57/59:004.6  |2 MRF 
080 |a 004.62  |2 MRF 
080 |a 519.233.5  |2 MRF 
080 |a 004.42R  |2 MRF 
080 |a (035)  |2 MRF 
100 1 |a Pekár, Stano,  |d 1970-  |7 mzk2004237034  |4 aut 
245 1 0 |a Moderní analýza biologických dat.  |n 1. díl,  |p Zobecněné lineární modely v prostředí R /  |c Stano Pekár, Marek Brabec 
246 3 0 |a Zobecněné lineární modely v prostředí R 
250 |a 2., přepracované vydání 
264 1 |a Brno :  |b Masarykova univerzita,  |c 2020 
300 |a xii, 265 stran :  |b ilustrace ;  |c 24 cm 
336 |a text  |b txt  |2 rdacontent 
337 |a bez média  |b n  |2 rdamedia 
338 |a svazek  |b nc  |2 rdacarrier 
504 |a Obsahuje bibliografii a rejstříky 
520 2 |a Kniha je zaměřena na regresní modely, konkrétně jednorozměrné zobecněné lineární modely (GLM). 
650 0 7 |a biologická data  |7 ph332176  |2 czenas 
650 0 7 |a analýza dat  |7 ph301326  |2 czenas 
650 0 7 |a regresní modely  |7 ph613266  |2 czenas 
650 0 7 |a R (software)  |7 ph571956  |2 czenas 
650 0 9 |a biological data  |2 eczenas 
650 0 9 |a data analysis  |2 eczenas 
650 0 9 |a regression models  |2 eczenas 
650 0 9 |a R (software)  |2 eczenas 
655 7 |a příručky  |7 fd133209  |2 czenas 
655 9 |a handbooks and manuals  |2 eczenas 
700 1 |a Brabec, Marek,  |d 1966-  |7 xx0071612  |4 aut 
900 |a ABA001  |b 19 
044 |a xr 
787 0 8 |g 1  |i Z cyklu:  |t Moderní analýza biologických dat 
910 |a RBIT002 
998 |d 407787  |a https://core.palmknihy.cz/api/books/407787/cover?she9v1  |b https://core.palmknihy.cz/api/books/407787/cover/400?she9v1  |c https://core.palmknihy.cz/api/books/407787/cover/50?she9v1  |e 2999-01-01  |g 278  |i 9788021097827  |k https://core.palmknihy.cz/api/books/407787/preview.pdf  |l   |q 49  |r 1  |s https://www.palmknihy.cz/kniha/407787  |t ebook  |y 2024  |z 0  |v Moderní analýza biologických dat  |w 1 
999 |d 312453